| 000 | 01505nam0a2200373 4500 | ||
|---|---|---|---|
| 001 | RU\NLR\bibl\1471972 | ||
| 005 | 20250616002259.0 | ||
| 010 |
_a978-5-350-00196-9 _91000 |
||
| 021 |
_aRU _b2009-102081 _96494 |
||
| 035 | _a(NLR Aleph) 001463662 | ||
| 090 |
_a1599322 _c1599322 |
||
| 100 | _a20100210d2009 |||y0rusy50 ca | ||
| 101 | 0 | _arus | |
| 102 | _aRU | ||
| 105 | _aa ||||||||| | ||
| 200 | 1 |
_aИскажения соционического типа быть или казаться _fУдалова Е. А. |
|
| 210 |
_aМосква _c[б.и.] _d2009 |
||
| 215 |
_a191 с. _cил. _d20 |
||
| 225 | 1 | _aПрикладная соционика | |
| 300 | _aЗагл. обл.: Искажения соционического типа. Быть или казаться/ Е. А. Удалова | ||
| 300 | _aНа 4-й с. обл. авт.: Удалова Е. А. доктор философии | ||
| 320 | _aБиблиогр.: с. 189 (10 назв.) | ||
| 512 | 1 |
_6z24790 _aИскажение соционического типа. Быть или казаться |
|
| 606 | 1 |
_aСоционика _92077874 _3RU\NLR\auth\661253628 |
|
| 686 | _aС550.35 | ||
| 700 | 1 |
_aУдалова _bЕ. А. _gЕлена Андреевна _4070 |
|
| 790 | 1 |
_6z24512 _aУдалова _bЕ. А. _gЕлена Андреевна _4070 |
|
| 801 | 0 |
_aRU _bNLR _c20100210 _gRCR |
|
| 801 | 1 |
_aRU _bNLR _c20100210 |
|
| 830 | _aавт. по кн. | ||
| 942 | _cBOOK | ||
| 980 | _aNB | ||